| 000 | 00805nac a22001931u 4500 | ||
|---|---|---|---|
| 008 | 100906t xxu||||| |||| 00| 0 eng d | ||
| 010 | _a99022024 | ||
| 020 | _a0070681708 | ||
| 035 | _a(DLC) 99022024 | ||
| 082 | 0 | 0 |
_a621.3821 _bW2461 |
| 100 |
_aWang, Henry Haojin. _918361 |
||
| 245 | 1 | 0 |
_aTelecommunications network management / _cby Henry Haojin Wang. |
| 260 |
_aNew York : _bMcGraw-Hill, _cc1999. |
||
| 300 |
_avii,687 p. : _bill. ; _c25 cm. |
||
| 650 | 0 |
_aComputer networks _xManagement. _918362 |
|
| 856 | 4 | 2 |
_3Publisher description _uhttp://www.loc.gov/catdir/description/mh023/99022024.html |
| 942 |
_cBB _k621.3821W2461 _2ddc |
||
| 999 |
_c640 _d640 |
||